000 00347nam a2200133Ia 4500
008 210430s9999 xx 000 0 und d
020 _a81-219-0146-4
082 _a620.11 K459 M
100 _aR.S.Khurmi
_927450
245 _aMaterials science
_cR.S.Khurmi
260 _aNew Delhi
_bS Chand & Company
_c2008
300 _a367p.
942 _cBK
_2ddc
999 _c564713
_d564713